Global Intellectual Property Rights (Record no. 1180234)

MARC details
000 -LEADER
fixed length control field 00754nam a2200265Ia 4500
003 - CONTROL NUMBER IDENTIFIER
control field OSt
005 - DATE AND TIME OF LATEST TRANSACTION
control field 20221007102549.0
008 - FIXED-LENGTH DATA ELEMENTS--GENERAL INFORMATION
fixed length control field 221006b |||||||| |||| 00| 0 eng d
020 ## - INTERNATIONAL STANDARD BOOK NUMBER
International Standard Book Number 0333990285
037 ## - SOURCE OF ACQUISITION
Terms of availability Textual
040 ## - CATALOGING SOURCE
Original cataloging agency LCO
Transcribing agency LCO
Language of cataloging eng
041 ## - LANGUAGE CODE
Source of code eng
Language code of text/sound track or separate title eng
100 ## - MAIN ENTRY--PERSONAL NAME
Personal name Drahos P.
9 (RLIN) 704692
245 #0 - TITLE STATEMENT
Title Global Intellectual Property Rights
Remainder of title Knowledge, Access and Development
260 ## - PUBLICATION, DISTRIBUTION, ETC.
Place of publication, distribution, etc. New
Name of publisher, distributor, etc. York Palgrave Macmillan USA
Date of publication, distribution, etc. 2002
300 ## - PHYSICAL DESCRIPTION
Extent 281
650 ## - SUBJECT ADDED ENTRY--TOPICAL TERM
Topical term or geographic name entry element Intellectual Property Rights
9 (RLIN) 416310
700 ## - ADDED ENTRY--PERSONAL NAME
Personal name Mayne R.
9 (RLIN) 704693
942 ## - ADDED ENTRY ELEMENTS (KOHA)
Classification part Z1,267, P2
Koha item type Textual
Holdings
Withdrawn status Lost status Damaged status Not for loan Home library Current library Date acquired Total Checkouts Full call number Barcode Date last seen Price effective from Koha item type
        Law Centre-I Library Law Centre-I Library 2022-10-07   Z1,267 P2 LO1363877 2022-10-07 2022-10-07 Textual
Copyright @ Delhi University Library System